Учебное пособие по электротехнике. Задание 2 (Запись № 13622744)

Подробности
000 -МАРКЕР
контрольное поле 01238nam2a2200229 4500
001 - ИДЕНТИФИКАТОР ЗАПИСИ
контрольное поле rc\3039883
005 - ИДЕНТИФИКАТОР ВЕРСИИ
контрольное поле 20260315065516.0
035 ## - ДРУГИЕ СИСТЕМНЫЕ НОМЕРА
Идентификатор записи (NLR Aleph) 007180220
100 ## - ДАННЫЕ ОБЩЕЙ ОБРАБОТКИ
Данные общей обработки 20111005d1940 u y0rusy50 ca
101 0# - ЯЗЫК РЕСУРСА
Язык текста, звукозаписи и т.д. русский
102 ## - СТРАНА ПУБЛИКАЦИИ ИЛИ ПРОИЗВОДСТВА
Страна публикации Российская Федерация
105 ## - ПОЛЕ КОДИРОВАННЫХ ДАННЫХ: ТЕКСТОВЫЕ МАТЕРИАЛЫ, МОНОГРАФИЧЕСКИЕ
Кодированные данные о монографическом текстовом документе a z |||||
200 0# - ЗАГЛАВИЕ И СВЕДЕНИЯ ОБ ОТВЕТСТВЕННОСТИ
Основное заглавие Задание 2
210 ## - ПУБЛИКАЦИЯ, РАСПРОСТРАНЕНИЕ И ДР.
Дата издания, распространения и т.д. 1940
215 ## - ФИЗИЧЕСКАЯ ХАРАКТЕРИСТИКА
Специфическое обозначение материала и объем 84 с.
Другие сведения о физической характеристике табл., черт., граф.
461 #0 - УРОВЕНЬ НАБОРА
Встроенное поле 001rc\3039882
-- 2000#$aУчебное пособие по электротехнике$fСост. Б.В. Степанов$gПод ред. К.А. Ломагина$gКом. по делам кинематографии при СНК СССР. Упр. учеб. заведениями. Центр. курсы заоч. обуч. механиков звукового кино$vЗадание 2
Системный номер (АБИС) связанной записи 7434160
Автор Центральные курсы заочного обучения механиков звукового кино (Ленинград)
Место публикации Москва
Дата публикации 1940
Первые сведения об ответственности Сост. Б.В. Степанов
Имя издателя, распространителя и т.д. Госкиноиздат
Заглавие Учебное пособие по электротехнике
Номер тома Задание 2
801 #0 - ИСТОЧНИК ЗАПИСИ
Страна Российская Федерация
Организация NLR
Правила каталогизации psbo
801 #1 - ИСТОЧНИК ЗАПИСИ
Страна Российская Федерация
Организация ELAR
Источник данных rusmarc
852 ## - МЕСТОНАХОЖДЕНИЕ И ШИФР ХРАНЕНИЯ
Идентификатор организации NLR
Шифр хранения (Call Number) 40-17/470
942 ## - ДОПОЛНИТЕЛЬНЫЕ ЭЛЕМЕНТЫ ЗАПИСИ (АБИС)
Тип экземпляра АБИС Неопределено
980 ## - КОЛЛЕКЦИЯ
Название коллекции Национальная библиография

Нет доступных экземпляров.